000 01279cam a22003737a 4500
003 CHAP
005 20220329142329.0
008 000727d2000 mx r 00110 spa d
010 _a81854
011 _a82826
035 _a93331
040 _cCHAP
090 _aTesis
100 0 0 _aFlores Vera, Pedro.
_941782
245 1 0 _aEvaluación de soluciones nutrimentales en geranio (Pelargonium spp) bajo un sistema de subirrigación
_c/por Flores Vera Pedro
260 _aChapingo, Méx. :
_bEl autor,
_c2000.
300 _a47 h.
502 _aTesis (Ing. Agr. Esp. en Fitotecnia) -- UACH. Departamento de Fitotecnia
590 _aALEPH
_b10
_c20130110
_lUCH01
_h1436
590 _aBATCH-UPD
_b10
_c20130110
_lUCH01
_h1109
590 _aBATCH-UPD
_b10
_c20130410
_lUCH01
_h0701
590 _aBATCH-UPD
_b10
_c20130914
_lUCH01
_h1407
590 _aCONVERSION
_b10
_c20130109
_lUCH01
_h1345
650 1 4 _aFertilizantes
_xAplicación.
_940450
650 1 4 _aFertirrigación.
_940652
650 1 4 _aGeranios.
_947691
650 1 4 _aIrrigación.
_960366
650 1 4 _aSoluciones nutritivas.
_9108527
901 _aBK
905 _aBlanca M: García O.
942 _cFOLL
949 _bBC
_cTES
_d33724000782041
_eTS2
_fc.2
_h36924
_i93331
_si
949 _bBC
_cTES
_d933311
_eTS1
_h36923
_i93331
_sb
999 _c81854
_d81854